000 03522cam a22006494i 4500
003 PE-LiUPU
005 20250731170448.0
008 150706s2005 mx a r 000 0 spa d
020 _a9707291605
020 _a9789707291607
035 _a(Sirsi) i9789707291607
040 _aPE-LiUPU
_bspa
_cPE-LiUPU
_dPE-LiUPU
_erda
049 _aPRUA
082 0 4 _a150.1
_bC75
_221
082 0 4 _a150.1
_bC77 2005
100 1 _aCoolican, Hugh,
_eautor.
245 1 0 _aMétodos de investigación y estadística en psicología /
_cHugh Coolican.
264 1 _aMéxico :
_bEditorial El Manual Moderno,
_c2005.
300 _a494 páginas :
_bilustraciones ;
_c28 centímetros
336 _atext
_2rdacontent
337 _aunmediated
_2rdamedia
338 _avolume
_2rdacarrier
505 0 _aPsicología e investigación -- Medición de las personas: variables, muestras y crítica cualitativa -- Uso de diseños experimentales en la psicología -- Valides en experimentos y métodos no experimentales -- Métodos observacionales: cuando se mira y se está con la gente -- Métodos de entrevista hacer preguntas directas a la gente -- Cuestionarios uso de escalas y pruebas psicológicas en la investigación -- Estudios comparativos exploración anticipación y extrapolación -- Métodos cualitativos: problemas con el positivismo -- Estadística: Organización de los datos -- Significancia: ¿qué es efecto real? -- Pruebas diferenciales entre dos muestras -- Pruebas variables categóricas y tablas de frecuencia -- Correlación- asociación de variables medidas -- Análisis multinivel. Diferencias entre más de dos condiciones -- Análisis multifactorial -- Diseño anova con medidas repetidas -- Entonces, ¿qué prueba debería utilizar? Elección de la prueba inferencial adecuada para sus datos -- Análisis de datos caritativos -- Ejemplos de un artículo cualitativo -- aspectos éticos en la investigación psicológica -- Planeación de la práctica y redacción del informe.
526 _aSEG68
526 _aSEG70
526 _aSEG69
526 _aSEG67
526 _aSEG43
526 _aP144
526 _aP143
526 _aP131
526 _aP122
526 _aP120
526 _aP117
526 _aP112
526 _aP110
526 _aP106
526 _aP101
526 _aP80
526 _aP59
526 _aP54
526 _aP35
526 _aP33
526 _aP30
541 _g001-0030831;
650 0 4 _aPsicología
_xInvestigación
_vMetodología.
650 0 4 _aPsicología
_xMétodos estadísticos.
910 _agl
_bjv
_cng
_d20091209
942 _2ddc
_cBOOK
949 _a150.1 C75
_wDEWEY
_c1
_i60775
_d2016-11-10
_e2016-11-10
_lCCODEBUL1
_mBUL
_n3
_p53.00
_r0
_sY
_tBOOK
_u2015-7-6
_xSALUD
_PP33
_0COMPRA
_o.STAFF. Colección Ciencias de la Salud
949 _a150.1 C77 2005
_wDEWEY
_c1
_iFJ09821
_lCCODEBUJ1
_mBUJ
_p53.00
_r0
_sY
_tBOOK
_u2017-12-27
_xSALUD
_PP33
_0COMPRA
_o.STAFF. Colección General Juliaca
994 _aC0
_bPEPRU
596 _a1 3
999 _a150.1 C75
_wDEWEY
_c50155
_i60775
_d50155
_e2018-11-22
_f2021-11-3
_g5
_lCCODEBUL1
_mBUL
_n5
_p53.00
_q5
_r0
_sY
_tBOOK
_u2015-7-6
_xSALUD
_zP33
_0COMPRA
_o.STAFF. Colección Ciencias de la Salud
999 _a150.1 C77 2005
_wDEWEY
_c1
_iFJ09821
_d2019-12-4
_f2022-1-17
_g4
_lCCODEBUJ1
_mBUJ
_p53.00
_q1
_r0
_sY
_tBOOK
_u2015-10-16
_xSALUD
_PP33
_0COMPRA
_o.STAFF. Colección General Juliaca
980 _81
_gALBERTO SANCHEZ Responsable de Automatización